000
00335nam a2200145Ia 4500
008
150201s1999 xx 000 0 und d
082
_a
617.64
_b
V1999S
100
_a
SUNDARAM,SOMA
245
_a
VIVA IN ORTHODONTICS
250
_a
1ST
260
_b
AITBS
_a
DELHI
_c
1999
300
_a
Jan-48
650
_a
ORTHODONTICS
942
_2
ddc
_c
BK
999
_c
2823
_d
2823